La ji yu (Chinese)

Bibliographic Details
Main Author: Huang, Qing Rong
Format: Book
Published: Selangor : Big Tree Publications Sdn. Bhd , 2013
Subjects:

MARC

LEADER 00000cam a2200000 7i4500
001 0000058976
005 20220622.0
008 160119
020 |a 9789675630576 
090 0 0 |a 741.5   |b HUA 
100 1 |a Huang, Qing Rong 
245 1 0 |a La ji yu (Chinese)   |c Huang Qing Rong 
260 |a Selangor :   |b Big Tree Publications Sdn. Bhd ,   |c 2013 
300 |a 127 p. ;   |c 20.5 cm. 
650 0 |a Caricatures and cartoons 
650 0 |a Comic books, strips, etc. 
999 |a 0001377684   |b Book   |c Chinese Collection   |e Cawangan Taman Sri Lambak 
999 |a 0001377685   |b Book   |c Chinese Collection   |e Cawangan Muar 
999 |a 0001377687   |b Book   |c Chinese Collection   |e Cawangan Bukit Gambir 
999 |a 0001377688   |b Book   |c Chinese Collection   |e Cawangan Mersing 
999 |a 0001377689   |b Book   |c Chinese Collection   |e Cawangan Tmn. Ungku Tun Aminah 
999 |a 0001377690   |b Book   |c Chinese Collection   |e Cawangan Batu Pahat 
999 |a 0001377692   |b Book   |c Chinese Collection   |e Cawangan Segamat 
999 |a 0001377693   |b Book   |c Chinese Collection   |e Cawangan Tangkak 
999 |a 0001377694   |b Book   |c Chinese Collection   |e Cawangan Bandar Penawar 
999 |a 0001377695   |b Book   |c Chinese Collection   |e Cawangan Bandar Tenggara 
999 |a 0001379621   |b Book   |c Children Collection   |e Cawangan Urban Transformation Centre